Les personnages de Captain America : Civil War - #13 - Statistiques

Statistiques générales
  • Ce quiz a été pris 38 fois
  • Le résultat moyen est 12 sur 23
Statistiques - réponses
Réponse % Correct
Steve Rogers / Captain America
100%
Tony Stark / Iron Man
100%
Natasha Romanoff / Black Widow
97%
Peter Parker / Spider-Man
93%
T'Challa / Black Panther
90%
Clint Barton / Hawkeye
86%
Vision
86%
James Rhodes / War Machine
83%
Sam Wilson / Falcon
83%
Wanda Maximoff
79%
Scott Lang / Ant-Man
72%
Bucky Barnes / Soldat de l'Hiver
69%
Sharon Carter
31%
T'Chaka
28%
May Parker
17%
Brock Rumlow / Crossbones
14%
Thaddeus Ross
14%
Helmut Zemo
10%
Howard Stark
10%
Ayo
7%
Everett K. Ross
7%
Maria Stark
7%
FRIDAY
3%
Aucun quiz correspondant
Distribution des résultats
% des personnes avec chaque résultat
Percentile par nombre de réponses
Votre historique - résultats
Vous n’avez pas pris ce quiz